000 00526nam a22001817a 4500
005 20250604143720.0
010 _aENG-145194
020 _a9789390951994
_c495.00
035 _aEN-128726
037 _bDBAD
082 _a881
100 _aBabu Ram
_981655
245 _aRomance in Heaven and War on Earth/
_cBabu Ram
260 _aNew Delhi
_bAllied Publishers Pvt Ltd.
_c2024
270 _aA-104, Mayapuri, Phase-II
_bNew Delhi
_e110064
300 _axvi, 170p.
_c24cm.(hb)
942 _2ddc
_cEN
_h881
_mBAB
999 _c211582
_d211582